Statistics for 新疆县级行政区划

Click here to take the quiz!

General Stats

  • This quiz has been taken 60 times
  • The average score is 61 of 108

Answer Stats

市/地区/自治州/兵团师县级行政区% Correct
伊犁哈萨克自治州(直管)伊宁市
86%
伊宁县
86%
喀什地区喀什市
83%
农八师石河子市
83%
农七师胡杨河市
83%
和田地区和田市
81%
农三师图木舒克市
81%
和田县
81%
塔城地区(属伊犁州)塔城市
81%
阿勒泰地区(属伊犁州)阿勒泰市
81%
阿克苏地区阿克苏市
81%
农二师铁门关市
81%
哈密市伊州区
81%
农一师阿拉尔市
81%
吐鲁番市高昌区
79%
若羌县
79%
鄯善县
76%
巴音郭楞蒙古自治州库尔勒市
76%
农十三师新星市
76%
库车市
76%
克拉玛依市克拉玛依区
76%
农九师白杨市
76%
天山区
74%
农十师北屯市
74%
农十四师昆玉市
74%
霍尔果斯市
71%
农五师双河市
71%
农四师可克达拉市
71%
塔什库尔干塔吉克自治县
69%
昌吉回族自治州昌吉市
69%
沙依巴克区
69%
奎屯市
69%
农六师五家渠市
67%
轮台县
67%
墨玉县
67%
博尔塔拉蒙古自治州博乐市
67%
乌鲁木齐县
67%
独山子区
64%
米东区
64%
且末县
64%
白碱滩区
62%
布尔津县
62%
乌鲁木齐市水磨沟区
62%
莎车县
62%
达坂城区
60%
富蕴县
60%
伊吾县
60%
乌尔禾区
60%
阿拉山口市
60%
阜康市
60%
叶城县
57%
阿克陶县
57%
木垒哈萨克自治县
57%
博湖县
55%
青河县
55%
乌苏市
55%
疏勒县
55%
精河县
55%
新源县
55%
奇台县
55%
特克斯县
52%
新市区
52%
英吉沙县
52%
于田县
52%
克孜勒苏柯尔克孜自治州阿图什市
52%
福海县
50%
和布克赛尔蒙古自治县(和丰)
50%
哈巴河县
50%
疏附县
50%
民丰县
50%
吉木乃县
48%
乌恰县
48%
温泉县
48%
玛纳斯县
48%
呼图壁县
48%
昭苏县
48%
托克逊县
45%
和静县
45%
巩留县
45%
皮山县
45%
头屯河区
45%
额敏县
45%
沙湾市
43%
伽师县
43%
霍城县
43%
和硕县
43%
焉耆回族自治县
43%
温宿县
40%
尉犁县
40%
拜城县
40%
巴里坤哈萨克自治县
38%
察布查尔锡伯自治县
38%
吉木萨尔县
38%
尼勒克县
38%
阿合奇县
36%
岳普湖县
33%
沙雅县
33%
乌什县
33%
新和县
31%
泽普县
31%
麦盖提县
31%
阿瓦提县
29%
巴楚县
29%
柯坪县
29%
策勒县
29%
洛浦县
29%
裕民县
26%
托里县
26%

Score Distribution

Percentile by Number Answered

Percent of People with Each Score

Your Score History

You have not taken this quiz